000 00542nam a2200121 a 4500
008 120416s1989 ||||||||||||||||| || u
050 _aTHESIS
100 _aChulu, Chyson Jacob
245 1 4 _aThe problem of assesing student's academic performance by essay-type of examination in universities
260 _aKitwe
_bCopperbelt University, School of Business, Postgraduate
_c1989
350 _a0.00
995 _D0.00
_FCBU-MAIN LIBRARY (Kitwe)
_H1
_I0.00
_M1
_UAVAILABLE
_ZUniversity Collection
999 _c54757
_d54757